| 000 | 01213naa a22003257a 4500 | ||
|---|---|---|---|
| 001 | BR8704585 | ||
| 003 | BR-BrBNA | ||
| 005 | 20240918175827.0 | ||
| 007 | ta | ||
| 008 | 230509b bl.||||| |||| 00| 0 por d | ||
| 040 |
_aBR-BrBNA _bpor _cBiblioteca Nacional de Agricultura |
||
| 041 | _a(Pt) | ||
| 072 |
_aF03 _b1440 _b3575 _bG514 |
||
| 090 | _aF03 BR8704585 | ||
| 100 | 1 | _aCosta, E.F. da | |
| 100 | 1 | _aMenezes, R.V.S. de | |
| 100 | 1 | _aFreire Filho, F.R. | |
| 111 | 1 |
_a3. Seminario de Pesquisa Agropecuaria do Piaui _cTeresina, PI (Brazil) _d5-8 Oct 1982 |
|
| 245 | 1 | _aQualidade das sementes de feijao (Vigna unguiculata (L.)Walp.)utilizadas na microrregiao homogenea dos baixoes agricolas piauiense | |
| 260 | 3 |
_aTeresina, PI (Brasil): _c1984. |
|
| 500 | _aAnais do 3. Seminario de Pesquisa Agropecuaria do Piaui Teresina, PI (Brasil): 1984. p. 37-46 (BR8704585-AM)F03 | ||
| 650 | _aFEIJAO DE CORDA | ||
| 650 | _aSEMENTE | ||
| 650 | _aGERMINACAO | ||
| 650 | _aCONTROLE DE QUALIDADE | ||
| 650 | _aPIAUI | ||
| 773 | 0 |
_tAnais do 3. Seminario de Pesquisa Agropecuaria do Piaui _wF03 BR8704585 _gTeresina, PI (Brasil), 1984. p. 37-46 |
|
| 909 |
_a202404 _bLucia _c55 _dLucia Elande |
||
| 942 |
_cAM _2AGRIS |
||
| 999 |
_c318319 _d318319 |
||